000 00675nam a22001817a 4500
999 _c167003
_d167003
010 _aENG-126212
020 _a978-93-84603-58-8
_c495.00
035 _aEN-109744
037 _bDBAD/PUB
082 _a796.5
100 _aSethi,Parmod
245 _aLearn To Play Weightlifting:
_cParmod Sethi
_bThe Complete Guide To The Game Of Weightlifting/
260 _aNew Delhi
_bSports Educational Technologies
_c2019
270 _a102,4787/23,Ansari Road, Darya Ganj,
_bNew Delhi
_e110002
_k+91(011)27601805
_msportseducationaltechnologies@gmail.com
300 _av126p.
_b22cm(hb)
500 _aits include index and Bibliography
942 _2ddc
_cEN
_h796.5
_mSET